Miasta Polski Po Kształcie - Statystyki

Ogólne statystyki
  • Ten quiz został rozwiązany 76 razy
  • Średni wynik to 4 z 7
Statystyki odpowiedzi
Obrazkowy Odpowiedź % Poprawnych
Warszawa
94%
Gdańsk
91%
Kraków
91%
Białystok
36%
Katowice
36%
Bielsko-Biała
6%
Ostrołęka
5%
Nie znaleziono quizów pasujących do podanych kryteriów
Rozkład punktacji
Procent ludzi z każdym wynikiem
Percentyl według liczby udzielonych odpowiedzi
Twoja historia wyników
Nie rozwiązałeś tego quizu